Complete the Card - WWE Royal Rumble 2011 - Statistics

General Stats
  • This quiz has been taken 506 times
  • The average score is 7 of 9
Answer Stats
Answer % Correct
Alberto Del Rio
96%
Edge
89%
Randy Orton
87%
The Miz
83%
Dolph Ziggler
69%
Michelle McCool
69%
Layla
68%
Natalya
65%
Eve Torres
59%
No matching quizzes found
Score Distribution
Percent of People with Each Score
Percentile by Number Answered
Your Score History
You have not taken this quiz